| 000 | 00427nam a2200133Ia 4500 | ||
|---|---|---|---|
| 008 | 200110s9999 xx 000 0 und d | ||
| 020 | _a9.781591395e+012 | ||
| 245 | _aHarvard business review on teams that succeed / | ||
| 260 |
_aBoston : _bHarvard Business School Pub. Corp., _c2004 |
||
| 300 |
_avii, 200 pages _c20.5 cm. |
||
| 500 | _aIncludes index. | ||
| 650 | _aEmployee motivation. | ||
| 650 | _aTeams in the workplace. | ||
| 999 |
_c362887 _d362887 |
||